Statistics for Top 50 Psychedelic Rock Albums

Click here to take the quiz!

General Stats

  • This quiz has been taken 55 times
  • The average score is 13 of 50

Answer Stats

ArtistAlbum% Correct
#1: The DoorsThe Doors
84%
#2: The Jimi Hendrix ExperienceAre You Experienced
82%
#16: CreamDisraeli Gears
67%
#4: The Jimi Hendrix ExperienceElectric Ladyland
67%
#9: The DoorsL.A. Woman
67%
#6: Pink FloydThe Piper at the Gates of Dawn
67%
#8: The DoorsStrange Days
62%
#12: Jefferson AirplaneSurrealistic Pillow
56%
#7: The Jimi Hendrix ExperienceAxis: Bold as Love
53%
#5: LoveForever Changes
53%
#17: Pink FloydA Saucerful of Secrets
49%
#22: The DoorsMorrison Hotel
49%
#34: The DoorsWaiting for the Sun
47%
#26: Pink FloydAtom Heart Mother
38%
#10: Captain Beefheart and His Magic BandSafe as Milk
36%
#3: CanTago Mago
36%
#29: Syd BarrettThe Madcap Laughs
33%
#47: CreamWheels of Fire
31%
#15: Os MutantesOs Mutantes
29%
#21: The United States of AmericaThe United States of America
29%
#50: The Soft MachineThe Soft Machine
27%
#36: GongYou
27%
#30: Big Brother & the Holding CompanyCheap Thrills
24%
#20: The ByrdsThe Notorious Byrd Brothers
20%
#45: The ByrdsFifth Dimension
18%
#33: Dr. John, the Night TripperGris-Gris
18%
#11: SpiritualizedLadies and Gentlemen We Are Floating in Space
18%
#18: The Pretty ThingsS.F. Sorrow
18%
#43: WeenChocolate and Cheese
16%
#42: Pretty ThingsParachute
16%
#35: Buffalo SpringfieldBuffalo Springfield Again
13%
#44: The 13th Floor ElevatorsEaster Everywhere
13%
#27: The CanMonster Movie
13%
#14: Amon Düül IIYeti
13%
#46: GongFlying Teapot
9%
#19: WeenQuebec
9%
#39: Spacemen 3The Perfect Prescription
9%
#13: BoredomsVision Creation Newsun
9%
#38: The Mothers of InventionAbsolutely Free
7%
#31: SpiritTwelve Dreams of Dr. Sardonicus
7%
#24: Flower Travellin' BandSatori
4%
#48: GongAngel's Egg
2%
#28: Captain BeyondCaptain Beyond
2%
#49: The Soft MachineVolume Two
2%
#25: MutantesA Divina Comédia ou Ando Meio Desligado
0%
#40: HawkwindDoremi Fasol Latido
0%
#23: T2It'll All Work Out in Boomland
0%
#37: Yegor i OpizdenevshieOne Hundred Years of Solitude
0%
#41: Roky Erickson and the AliensRoky Erickson and the Aliens (5 Symbols)
0%
#32: Roky Erickson and the AliensThe Evil One
0%

Score Distribution

Percentile by Number Answered

Percent of People with Each Score

Your Score History

You have not taken this quiz